Faux VS vrais drapeaux #4 - Mort subite - Statistiques

Statistiques générales
  • Ce quiz a été pris 2 712 fois
    2 702 depuis la dernière actualisation
  • Le résultat moyen est 4 sur 11
Answers on the Grid
Answers color-coded by a green-red scale on the quiz's grid according to % correct below.
Trulli
Trulli
Trulli
Trulli
Trulli
Trulli
Trulli
Trulli
Trulli
Trulli
Trulli
Trulli
Trulli
Trulli
Trulli
Trulli
Trulli
Trulli
Trulli
Trulli
Trulli
Trulli
 
Statistiques - réponses
Réponse % Correct
Trulli
79%
Trulli
55%
Trulli
40%
Trulli
40%
Trulli
39%
Trulli
39%
Trulli
30%
Trulli
29%
Trulli
29%
Trulli
22%
Trulli
18%
Aucun quiz correspondant
Distribution des résultats
% des personnes avec chaque résultat
Percentile par nombre de réponses
Votre historique - résultats
Vous n’avez pas pris ce quiz depuis la dernière actualisation